000 00337nam a2200133Ia 4500
005 20251222155123.0
008 251222s9999||||xx |||||||||||||| ||spa||
082 _aENC. 05.6
100 _aGUERRA, Margarita,
245 0 _aHistoria General del PerĂº - Tomo VI La Independencia
250 _a1ra. ed.
264 _bBrasa
942 _cLIB
999 _c38528
_d38528